La economía del Japón
Guardat en:
| Autor principal: | |
|---|---|
| Format: | Llibre |
| Idioma: | espanyol |
| Publicat: |
Buenos Aires
Eudeba
1964
|
| Col·lecció: | Biblioteca Asia y Africa
|
| Matèries: | |
| Etiquetes: |
Afegir etiqueta
Sense etiquetes, Sigues el primer a etiquetar aquest registre!
|
MARC
| LEADER | 00000nam a2200000 a 4500 | ||
|---|---|---|---|
| 001 | UCP6413 | ||
| 003 | CL-VaPUC | ||
| 008 | 991022e19640000AG |||||||||||||||||spa|d | ||
| 082 | 0 | 4 | |a 330.0952 |b MOR |2 21 |
| 100 | |a Moreau, Maurice |e autor |9 435553 | ||
| 245 | 1 | 3 | |a La economía del Japón |
| 300 | |a 119 p | ||
| 942 | |c BK | ||
| 945 | |d 19991022 00:00:00 |a crobeson | ||
| 260 | |a Buenos Aires |b Eudeba |c 1964 | ||
| 650 | 0 | |a Economía |9 255568 | |
| 650 | 0 | |a Historia económica |9 307218 | |
| 650 | 7 | |a PROBLEMAS ECONOMICOS |2 CL-VaPUC |9 386772 | |
| 650 | 7 | |a GEOGRAFIA REGIONAL |2 CL-VaPUC |9 350312 | |
| 651 | 0 | |a Japón |9 260391 | |
| 583 | |a last modification |c 19991022 00:00:00 |k Rodrigo Vera | ||
| 490 | 0 | |a Biblioteca Asia y Africa | |
| 999 | |c 284000 |d 283998 | ||
| 952 | |0 0 |1 0 |4 0 |6 330_095200000000000_MOR_1964 |7 0 |8 A |9 327588 |a BIBHIS |b BIBHIS |d 2019-11-20 |i 1370073 |o 330.0952 MOR 1964 |p 1370073 |r 2025-01-20 |w 2019-11-20 |y BK |k HIS | ||